[Event "Istanbul Open 2018"]
[Site "Istanbul"]
[Date "2018.09.05"]
[Round "6"]
[White "Ocakacan, Deniz"]
[Black "Hakkaki Fard, Pedram"]
[Result "1/2-1/2"]
[WhiteElo "1650"]
[BlackElo "1815"]
[Annotator "NA RC"]
[PlyCount "101"]
[EventDate "2018.09.02"]
[EventType "swiss"]
[EventCountry "TUR"]
[SourceTitle "playchess.com"]
[Source "ChessBase"]
[SourceQuality "1"]
[TimeControl "5400+30"]

1. e4 {[%emt 0:13:30]} e5 {[%emt 0:00:30]} 2. Nf3 {[%emt 0:00:30]} Nf6 {[%emt 0:00:00]} 3. Nxe5 {[%emt 0:00:30]} d6 {[%emt 0:00:00]} 4. Nf3 {[%emt 0:00:00]} Nxe4 {[%emt 0:00:30]} 5. Qe2 {[%emt 0:01:00]} Qe7 {[%emt 0:00:30]} 6. Nc3 {[%emt 0:00:00]} Nxc3 {[%emt 0:02:30]} 7. dxc3 {[%emt 0:00:00]} Bf5 {[%emt 0:03:30] C42: Russische Verteidigung (Petrow)} (7... Qxe2+ 8. Bxe2 Nc6 9. Be3 Be7 10. O-O-O O-O 11. Rhe1 Bf6 12. Nd2 Re8 13. Bf3 Ne5 14. Bf4 Kf8 15. Bd5 c6 16. Bb3 {0-1 (66) Kramnik,V (2800)-Caruana,F (2784) Berlin 2018}) 8. Be3 {[%emt 0:00:30]} a6 $146 {[%emt 0:03:30]} ({Vorgänger:} 8... Nc6 9. O-O-O O-O-O 10. g3 Qe6 11. Kb1 Be7 12. Bg2 Be4 13. Rhe1 Rhe8 14. Qf1 Qg6 15. Nd4 Bxg2 16. Qxg2 {1-0 (40) Mrozowski,P (2017)-Ruhlmann,H (1833) Krakow 2017}) 9. O-O-O {[%emt 0:00:30]} Nc6 {[%emt 0:01:30]} 10. Nd4 {[%emt 0:05:30]} Nxd4 {[%emt 0:03:30]} 11. Bxd4 {[%emt 0:00:30]} Qxe2 {[%emt 0:08:30]} 12. Bxe2 {[%emt 0:00:30]} O-O-O {[%emt 0:00:30]} 13. Rhe1 {[%emt 0:01:30]} h5 {[%emt 0:06:30]} 14. h3 {[%emt 0:04:30]} h4 {[%emt 0:05:30]} 15. Bf3 {[%emt 0:01:30]} d5 {[%emt 0:25:30]} 16. Be3 {[%emt 0:23:30]} Be4 {[%emt 0:01:30]} 17. Bg4+ {[%emt 0:02:30]} f5 {[%emt 0:12:30]} 18. Bg5 {[%emt 0:02:30]} Rd6 {[%emt 0:00:00]} 19. f3 {[%emt 0:02:30]} fxg4 {[%emt 0:01:00]} 20. fxe4 {[%emt 0:00:30]} Rh5 {[%emt 0:05:43]} 21. Rf1 {[%emt 0:14:30]} Rxg5 {[%emt 0:02:20]} 22. Rxf8+ {[%emt 0:00:30]} Kd7 {[%emt 0:00:10]} 23. exd5 {[%emt 0:03:30]} gxh3 {[%emt 0:06:22]} 24. gxh3 {[%emt 0:00:30]} Rg3 {[%emt 0:00:37]} 25. Rf7+ {[%emt 0:09:36]} Kc8 {[%emt 0:00:12]} 26. Rd3 {[%emt 0:04:39]} Rdg6 {[%emt 0:07:42]} 27. Rdf3 {[%emt 0:01:10]} Rg2 {[%emt 0:01:40]} 28. Re3 {[%emt 0:04:46]} ({Lieber} 28. Rf8+ $16 Kd7 29. R3f7+ Kd6 30. Rd8+ Ke5 31. Re7+ Kf5 32. Rf8+ (32. Rxc7 R6g3 $14) 32... Rf6 33. Rxf6+ Kxf6 34. Rxc7) 28... Rg1+ {[%emt 0:00:45]} 29. Kd2 {[%emt 0:00:07]} R6g2+ {[%emt 0:00:19]} 30. Kd3 {[%emt 0:00:11]} Rg3 $1 {[%emt 0:00:21]} 31. Kd4 {[%emt 0:00:30]} Rd1+ {[%emt 0:01:01]} 32. Ke4 {[%emt 0:00:27]} g5 {[%emt 0:00:28]} 33. Rg7 {[%emt 0:00:37]} Rdg1 {[%emt 0:00:44]} 34. c4 {[%emt 0:01:56]} R1g2 {[%emt 0:00:27]} 35. Rxg3 {[%emt 0:00:54]} Rxg3 {[%emt 0:00:06]} 36. Kf5 {[%emt 0:00:10]} (36. Rg8+ $16 Kd7 37. Rg7+ Kd8 38. Rg8+ Kd7 39. Rg7+ Kd8 40. c5) 36... Rxh3 {[%emt 0:00:41]} 37. Rxg5 {[%emt 0:00:08]} Rh2 {[%emt 0:00:18]} 38. Rh5 {[%emt 0:00:18]} Rxc2 {[%emt 0:00:11]} 39. b3 {[%emt 0:00:24]} Rxa2 {[%emt 0:01:08]} 40. Rxh4 {[%emt 0:00:04]} Rb2 {[%emt 0:00:41]} 41. Rh3 {[%emt 0:00:11]} b6 {[%emt 0:00:17]} 42. Ke4 {[%emt 0:01:16]} a5 {[%emt 0:00:36]} 43. Kd4 {[%emt 0:00:09]} Rc2 {[%emt 0:00:24]} 44. Rh7 {[%emt 0:00:46]} Rc1 {[%emt 0:00:43]} 45. Rh8+ {[%emt 0:00:39]} Kb7 {[%emt 0:00:10]} 46. Rd8 {[%emt 0:00:27]} a4 {[%emt 0:00:38]} 47. bxa4 {[%emt 0:01:09]} Ra1 {[%emt 0:00:04]} 48. Kc3 {[%emt 0:00:06]} Rxa4 {[%emt 0:00:13]} 49. Kb3 {[%emt 0:00:06]} Ra1 $11 {[%emt 0:00:26]} 50. Re8 {[%emt 0:00:17]} Rd1 {[%emt 0:00:24]} 51. Re7 {[%emt 0:01:10]} 1/2-1/2

[Event "Istanbul Open 2018"]
[Site "Istanbul"]
[Date "2018.09.05"]
[Round "6"]
[White "Pektas, Gokdeniz"]
[Black "Ersoy, Emre"]
[Result "1-0"]
[WhiteElo "1602"]
[BlackElo "1557"]
[Annotator "NA RC"]
[PlyCount "101"]
[EventDate "2018.09.02"]
[EventType "swiss"]
[EventCountry "TUR"]
[SourceTitle "playchess.com"]
[Source "ChessBase"]
[SourceQuality "1"]
[TimeControl "5400+30"]

1. d4 {[%emt 0:00:30]} e6 {[%emt 0:00:30]} 2. c4 {[%emt 0:00:00]} Nf6 {[%emt 0:00:00]} 3. Nc3 {[%emt 0:00:00]} Bb4 {[%emt 0:00:00]} 4. Qc2 {[%emt 0:00:00]} c5 {[%emt 0:00:00]} 5. dxc5 {[%emt 0:02:00]} Nc6 {[%emt 0:01:00]} 6. Nf3 {[%emt 0:00:30]} O-O {[%emt 0:02:30]} 7. Bf4 {[%emt 0:00:00]} Bxc5 {[%emt 0:01:30]} 8. a3 {[%emt 0:00:00]} a6 {[%emt 0:09:30]} 9. Rd1 {[%emt 0:06:30]} h6 {[%emt 0:10:30]} 10. b4 {[%emt 0:05:30]} Be7 {[%emt 0:02:30]} 11. e4 {[%emt 0:00:00]} a5 {[%emt 0:04:30]} 12. b5 {[%emt 0:00:00]} Nb8 {[%emt 0:05:30]} 13. Bc1 {[%emt 0:01:30]} Qc7 {[%emt 0:03:30]} 14. e5 {[%emt 0:14:30]} Ne8 {[%emt 0:16:30]} 15. Bd3 {[%emt 0:07:30]} d6 {[%emt 0:07:30]} 16. exd6 {[%emt 0:00:30]} Bxd6 {[%emt 0:06:30]} 17. Ne4 {[%emt 0:00:30]} Be7 {[%emt 0:00:30]} 18. O-O {[%emt 0:00:30]} b6 {[%emt 0:05:30]} 19. Bb2 {[%emt 0:19:30]} Bb7 {[%emt 0:04:51]} 20. Be5 {[%emt 0:00:30]} Qc8 {[%emt 0:01:54]} 21. a4 {[%emt 0:00:30]} Nd7 {[%emt 0:02:41]} 22. Bg3 {[%emt 0:02:30]} f5 {[%emt 0:02:09]} 23. Ned2 {[%emt 0:00:30]} f4 {[%emt 0:01:38]} 24. Nb1 {[%emt 0:16:30]} fxg3 {[%emt 0:02:41]} 25. Bh7+ {[%emt 0:00:30]} Kh8 {[%emt 0:00:15]} 26. Rxd7 {[%emt 0:00:00]} gxh2+ {[%emt 0:05:25]} 27. Kh1 {[%emt 0:00:00]} Qxd7 {[%emt 0:01:39]} 28. Ne5 {[%emt 0:00:30]} Qc7 {[%emt 0:01:59]} 29. Ng6+ {[%emt 0:06:52]} Kxh7 {[%emt 0:00:03]} 30. Nxf8+ {[%emt 0:02:27]} Kg8 {[%emt 0:00:38]} 31. Nxe6 {[%emt 0:00:06]} Qe5 {[%emt 0:00:52]} 32. Qg6 {[%emt 0:00:56]} Qf6 {[%emt 0:00:42]} 33. Qxf6 {[%emt 0:00:26]} Bxf6 {[%emt 0:00:23]} 34. Kxh2 {[%emt 0:00:01]} Nd6 {[%emt 0:00:35]} 35. c5 {[%emt 0:00:31]} bxc5 {[%emt 0:00:32]} 36. Nxc5 {[%emt 0:00:01]} Be4 {[%emt 0:00:26]} 37. Nd2 {[%emt 0:00:39]} Bg6 {[%emt 0:00:15]} 38. Ndb3 {[%emt 0:00:31]} Bc3 {[%emt 0:00:49]} 39. Rd1 {[%emt 0:00:21]} Ne4 {[%emt 0:00:19]} 40. Nxe4 {[%emt 0:00:02]} Bxe4 {[%emt 0:00:06]} 41. Nc5 {[%emt 0:00:31]} Bg6 {[%emt 0:00:36]} 42. b6 {[%emt 0:01:15]} Be5+ {[%emt 0:00:43]} 43. f4 {[%emt 0:01:00]} Bxf4+ {[%emt 0:00:54]} 44. g3 {[%emt 0:00:00]} Be3 {[%emt 0:00:10]} 45. Nd7 {[%emt 0:01:16]} Rd8 {[%emt 0:00:19]} 46. Nf6+ {[%emt 0:00:08]} gxf6 {[%emt 0:00:29]} 47. Rxd8+ {[%emt 0:00:01]} Kf7 {[%emt 0:00:26]} 48. b7 {[%emt 0:00:01]} Ba7 {[%emt 0:00:35]} 49. Ra8 {[%emt 0:00:11]} Be4 {[%emt 0:00:52]} 50. Rxa7 {[%emt 0:00:01]} Ke6 {[%emt 0:00:31]} 51. b8=Q {[%emt 0:00:02]} 1-0

[Event "Istanbul Open 2018"]
[Site "Istanbul"]
[Date "2018.09.05"]
[Round "6"]
[White "Gulceken, Sumeyye"]
[Black "Acar, Cengiz Can"]
[Result "1-0"]
[WhiteElo "1549"]
[BlackElo "1755"]
[Annotator "NA"]
[PlyCount "67"]
[EventDate "2018.09.02"]
[EventType "swiss"]
[EventCountry "TUR"]
[SourceTitle "playchess.com"]
[Source "ChessBase"]
[SourceQuality "1"]
[TimeControl "5400+30"]

1. d4 {[%emt 0:00:30]} d5 {[%emt 0:01:30]} 2. c4 {[%emt 0:00:00]} c6 {[%emt 0:00:30]} 3. Nc3 {[%emt 0:00:00]} Nf6 {[%emt 0:00:00]} 4. Nf3 {[%emt 0:00:30]} e6 {[%emt 0:09:00]} 5. e3 {[%emt 0:01:30]} Nbd7 {[%emt 0:01:30]} 6. a4 {[%emt 0:02:30]} a5 {[%emt 0:02:30]} 7. Bd3 {[%emt 0:03:30]} Bd6 {[%emt 0:01:30]} 8. e4 {[%emt 0:04:30]} dxe4 {[%emt 0:08:30]} 9. Nxe4 {[%emt 0:00:30]} Nxe4 {[%emt 0:00:00]} 10. Bxe4 {[%emt 0:00:00]} Bb4+ {[%emt 0:06:00]} 11. Bd2 {[%emt 0:01:00]} Bxd2+ {[%emt 0:00:30]} 12. Qxd2 {[%emt 0:00:30]} Nf6 {[%emt 0:00:30]} 13. Bc2 {[%emt 0:00:30]} h6 {[%emt 0:01:30]} 14. O-O {[%emt 0:02:30]} b6 {[%emt 0:02:30]} 15. Rfe1 {[%emt 0:05:30]} Qd6 {[%emt 0:05:30]} 16. h3 {[%emt 0:03:30]} Bb7 {[%emt 0:11:30]} 17. Rad1 {[%emt 0:05:30]} g5 {[%emt 0:04:30]} 18. Ne5 {[%emt 0:13:30]} Rg8 {[%emt 0:07:30]} 19. c5 {[%emt 0:06:30]} Qc7 {[%emt 0:07:30]} 20. Nc4 {[%emt 0:04:30]} bxc5 {[%emt 0:02:30]} 21. dxc5 {[%emt 0:00:30]} Nd5 {[%emt 0:05:56]} 22. Nd6+ {[%emt 0:04:30]} Kf8 {[%emt 0:01:33]} 23. h4 {[%emt 0:08:30]} Ba6 {[%emt 0:00:56]} 24. Re5 {[%emt 0:07:30]} Rb8 {[%emt 0:04:54]} 25. hxg5 {[%emt 0:03:30]} hxg5 {[%emt 0:00:38]} 26. Rxg5 {[%emt 0:00:30]} Qe7 {[%emt 0:00:40]} 27. Rxg8+ {[%emt 0:02:01]} Kxg8 {[%emt 0:00:31]} 28. Qh6 {[%emt 0:00:30]} Qf6 {[%emt 0:01:06]} 29. Bh7+ {[%emt 0:01:09]} Kh8 {[%emt 0:00:02]} 30. Nxf7+ {[%emt 0:00:23]} Qxf7 {[%emt 0:00:18]} 31. Bg6+ {[%emt 0:00:05]} Kg8 {[%emt 0:00:00]} 32. Bxf7+ {[%emt 0:00:11]} Kxf7 {[%emt 0:00:02]} 33. Qh7+ {[%emt 0:00:51]} Kf6 {[%emt 0:00:19]} 34. Qa7 {[%emt 0:00:22]} 1-0

[Event "Istanbul Open 2018"]
[Site "Istanbul"]
[Date "2018.09.05"]
[Round "6"]
[White "Tepeli, Huseyin"]
[Black "Kocer, Ahmet Doruk"]
[Result "0-1"]
[WhiteElo "1529"]
[BlackElo "1635"]
[Annotator "NA"]
[PlyCount "42"]
[EventDate "2018.09.02"]
[EventType "swiss"]
[EventCountry "TUR"]
[SourceTitle "playchess.com"]
[Source "ChessBase"]
[SourceQuality "1"]
[TimeControl "5400+30"]

1. e4 {[%emt 0:00:30]} c5 {[%emt 0:08:30]} 2. Nf3 {[%emt 0:00:30]} d6 {[%emt 0:00:30]} 3. d4 {[%emt 0:00:30]} cxd4 {[%emt 0:00:00]} 4. Nxd4 {[%emt 0:00:30]} Nf6 {[%emt 0:00:00]} 5. Nc3 {[%emt 0:00:30]} g6 {[%emt 0:00:00]} 6. Be2 {[%emt 0:00:30]} Bg7 {[%emt 0:00:00]} 7. O-O {[%emt 0:00:30]} O-O {[%emt 0:00:30]} 8. Be3 {[%emt 0:00:00]} Nc6 {[%emt 0:00:00]} 9. h3 {[%emt 0:00:00]} Bd7 {[%emt 0:00:00]} 10. Qd2 {[%emt 0:03:30]} Rc8 {[%emt 0:01:30]} 11. f4 {[%emt 0:02:30]} a6 {[%emt 0:05:30]} 12. Rad1 {[%emt 0:06:30]} b5 {[%emt 0:02:30]} 13. Nxc6 {[%emt 0:07:30]} Bxc6 {[%emt 0:00:30]} 14. Bf3 {[%emt 0:00:30]} b4 {[%emt 0:03:30]} 15. Nd5 {[%emt 0:00:30]} Nxd5 {[%emt 0:00:30]} 16. exd5 {[%emt 0:00:30]} Bb5 {[%emt 0:00:30]} 17. Rf2 {[%emt 0:02:30]} Bxb2 {[%emt 0:01:30]} 18. Qxb4 {[%emt 0:00:30]} Bc3 {[%emt 0:00:30]} 19. Qb3 {[%emt 0:01:30]} Qa5 {[%emt 0:01:30]} 20. Bd4 {[%emt 0:04:30]} Bxd4 {[%emt 0:02:30]} 21. Rxd4 {[%emt 0:00:30]} Qe1+ {[%emt 0:00:30]} 0-1

[Event "Istanbul Open 2018"]
[Site "Istanbul"]
[Date "2018.09.06"]
[Round "7"]
[White "Bagaturov, Giorgi"]
[Black "Ozsakallioglu, Akin"]
[Result "1-0"]
[WhiteElo "2396"]
[BlackElo "1861"]
[Annotator "TA"]
[PlyCount "65"]
[EventDate "2018.09.02"]
[EventType "swiss"]
[EventCountry "TUR"]
[SourceTitle "playchess.com"]
[Source "ChessBase"]
[SourceQuality "1"]

{[%evp 20,65,19,7,7,0,8,6,11,0,22,14,32,39,64,0,56,45,131,133,168,151,189,165,187,177,172,182,181,177,211,182,178,158,339,350,348,339,345,342,345,351,520,540,551,526,738,699]} 1. d4 Nf6 2. Nf3 g6 3. Bf4 Bg7 4. e3 c5 5. c3 b6 6. Be2 O-O 7. O-O d6 8. h3 Bb7 9. a4 a6 10. Nbd2 Nbd7 11. Qc2 {LiveBook: 4 Games. A48: 1 d4 Nf6 2 Nf3 g6: Torre, London and Colle Systems} (11. Bh2 Ne4 12. Nxe4 Bxe4 13. Bd3 Bxd3 14. Qxd3 Qc7 15. Rfd1 Rfc8 16. Qe2 Qb7 17. e4 cxd4 18. cxd4 Rc7 19. e5 {1-0 (61) Vachier Lagrave,M (2779)-Grischuk,A (2766) Saint Louis 2018}) 11... Rc8 12. Rfd1 Re8 13. Bh2 {The position is equal.} Qc7 14. Qb3 $146 ({Predecessor:} 14. Rac1 Qb8 15. Qb1 Qa8 16. Qa2 Rf8 17. Ne1 Ne4 18. Nxe4 Bxe4 19. Bf3 Nf6 20. d5 Bxf3 21. gxf3 {0-1 (48) Kocur,M (1934)-Grove,P (2182) Helsingor 2017}) 14... Bd5 (14... Bf8 {feels hotter.} 15. Qa2 e6 16. Qb1 cxd4 17. cxd4 Qb8) 15. c4 Bxf3 16. Nxf3 e5 17. d5 ({White should try} 17. dxe5 $14 dxe5 18. Nd2) 17... b5 (17... Ne4 $1 $11) 18. cxb5 $14 axb5 (18... c4 $14 19. Qb4 axb5) 19. Bxb5 $16 Red8 20. Nd2 Nb6 21. e4 Bh6 22. Qc2 Rb8 23. Bg3 {[%cal Bh2g3,Bg3h4,Bh4e7,Be7d6,Bd6c5][%mdl 32]} Nh5 24. Bh4 Rdc8 25. Nb1 Rf8 26. b4 {Black must now prevent bxc5.} Rbc8 $2 {[#]} (26... Rfc8 $16 {might work better.}) 27. bxc5 $18 Qxc5 28. Qxc5 Rxc5 29. Be7 $1 {[%csl LRd6,LRf8]} Ra8 30. Bc6 ({Weaker is} 30. Bxd6 Rxb5 31. axb5 Rxa1 $11) 30... Ra7 (30... Bf8 {was called for.} 31. Bxa8 Bxe7) 31. Bxd6 {White is clearly winning.} Rc4 32. Na3 Rxe4 33. Bc5 {Precision: White = 56%, Black = 27%.} 1-0

[Event "Istanbul Open 2018"]
[Site "Istanbul"]
[Date "2018.09.06"]
[Round "7"]
[White "Darban, Morteza"]
[Black "Nuri, Murad"]
[Result "1/2-1/2"]
[WhiteElo "2333"]
[BlackElo "2284"]
[Annotator "TA"]
[PlyCount "30"]
[EventDate "2018.09.02"]
[EventType "swiss"]
[EventCountry "TUR"]
[SourceTitle "playchess.com"]
[Source "ChessBase"]
[SourceQuality "1"]

{[%evp 17,30,56,52,37,40,46,30,0,0,0,0,14,22,0,0]} 1. e4 e5 2. Nf3 Nc6 3. Bc4 Nf6 4. Ng5 d5 5. exd5 Na5 6. Bb5+ c6 7. dxc6 bxc6 8. Qf3 h6 {C58: Two Knights: 4 Ng5 d5 5 exd5 Na5 sidelines} (8... Be7 9. Bd3 O-O 10. Nc3 h6 11. Nge4 Nxe4 12. Qxe4 f5 13. Qxe5 Bd6 14. Qd4 Bb7 15. b4 c5 16. bxc5 {1-0 (46) Van Foreest,L (2481)-Amin,B (2693) Wijk aan Zee 2018}) 9. Ne4 Nd5 {LiveBook: 18 Games} 10. Be2 Be7 {White is slightly better.} 11. d3 O-O 12. g4 $146 ({Predecessor:} 12. O-O f5 13. Nec3 Rb8 14. a3 Be6 15. b4 Nb7 16. Bb2 {0-1 (44) Spitz,P (2555)-Butnorius,A (2429) ICCF email 2004}) 12... Rb8 {The position is equal.} 13. Nbc3 Nb4 14. Bd1 c5 {[%cal Bc6c5,Bc5c4][%mdl 32]} 15. Rg1 c4 1/2-1/2

[Event "Istanbul Open 2018"]
[Site "Istanbul"]
[Date "2018.09.06"]
[Round "7"]
[White "Mohannad, Farhan"]
[Black "Aliakbarov, Anar"]
[Result "0-1"]
[WhiteElo "2201"]
[BlackElo "2322"]
[Annotator "TA"]
[PlyCount "252"]
[EventDate "2018.09.02"]
[EventType "swiss"]
[EventCountry "TUR"]
[SourceTitle "playchess.com"]
[Source "ChessBase"]
[SourceQuality "1"]

{[%evp 22,252,1,-5,50,8,0,7,33,35,41,0,0,0,0,-22,-33,-22,-34,-39,-45,-47,-49,-66,-62,-68,18,8,6,8,27,-22,12,16,25,-43,-29,-45,-7,-37,-11,-17,-8,-12,0,0,0,-22,-19,-94,-89,-95,-96,-79,-68,-73,-73,-74,-70,-77,-40,-40,-8,-40,-11,-40,0,0,0,0,0,0,0,0,0,-23,-15,-63,-24,-25,0,0,0,0,0,-11,0,-13,-13,-18,0,0,0,0,0,-13,0,0,0,0,0,0,0,0,0,0,0,0,0,0,0,-15,0,0,0,0,0,0,0,-16,-16,-16,-16,-16,-16,-16,-16,-16,-16,-16,-16,-16,-16,-16,-16,-31,-31,-31,-16,-27,0,-31,-16,-16,-16,-16,-16,-16,-16,-20,-16,-16,-16,-25,-20,-38,-38,-43,-58,-68,-33,-33,-40,-81,-40,-40,-23,-38,-38,-167,-187,-1692,-31,-31,-37,-38,-15,-38,-38,-47,-14,-18,-17,-44,0,0,0,-51,-23,-23,-24,-31,-13,-13,-13,-14,-13,-14,-14,-14,-12,-14,-14,-31,-31,-31,-38,-38,-38,-38,0,0,0,0,0,0,0,0,0,0,0,0,0,0,0,-12851,-12851,-12851,-12851,-12851,-12851,-29992,-29993]} 1. d4 d5 2. c4 e6 3. Nc3 Bb4 4. cxd5 exd5 5. Nf3 Nf6 6. Bg5 Nbd7 7. e3 c5 8. Be2 Qa5 9. O-O Bxc3 {D38: Queen's Gambit Declined: Ragozin Defence (4 Nf3 Bb4)} 10. bxc3 c4 11. Nd2 Qxc3 12. e4 {LiveBook: 21 Games} Qxd4 (12... O-O $11) (12... Nxe4 13. Nxe4 dxe4 14. Rc1 Qa5 15. Bd2 Qf5 16. Bxc4 O-O 17. Bb3 {½-½ (57) Navara,D (2718)-Saric,I (2678) Bol 2014}) 13. Be3 (13. Nxc4 $5 Qxd1 14. Nd6+ Ke7 15. Nf5+ (15. Rfxd1 $2 {is the wrong capture.} Kxd6 16. exd5 Nxd5 $19) 15... Kf8 16. Raxd1 $14 (16. Rfxd1 Nc5 $14)) 13... Qe5 14. exd5 O-O 15. Nxc4 Qxd5 {[#]} 16. Qc2 $146 ({Predecessor:} 16. Rc1 Qe6 17. Re1 Nb6 18. Nxb6 axb6 19. Bc4 Qf5 20. Bxb6 Be6 21. Bxe6 fxe6 22. Qb3 Nd5 23. Bd4 Rf7 24. g3 {½-½ (24) Williams,S (2545)-Neubauer,M (2448) Novi Sad 2009}) 16... Ne5 17. Rfd1 Qc6 18. Rd6 Qc7 19. Bf4 Nxc4 20. Bxc4 Be6 21. Rxe6 Qxf4 22. Re7 Ng4 23. g3 Qh6 (23... Qf6 $1 $15 24. Rae1 Rac8) 24. h4 $11 Qf6 $132 {[%mdl 2048] Black is not keeping still} 25. Rae1 Rac8 26. R7e4 Qf5 {aiming for ...b5.} (26... h5 {seems wilder.} 27. Rf4 Qd8 28. Rd1 Qe8 29. Qd2 Rc7) 27. Qe2 Nf6 28. Rf4 ({Better is} 28. Re7 $11) 28... Qd7 $15 29. Bb5 Qc7 30. Qf3 a6 31. Ba4 b5 32. Bb3 Qc6 33. Qxc6 Rxc6 34. Re7 a5 35. a4 (35. Rd4 $11 g6 36. Re5) 35... Rc3 $17 36. Re3 {[#]} Rxe3 $1 37. fxe3 {[%mdl 4096] Endgame KRB-KRN} Rb8 38. Rf5 bxa4 39. Bxa4 Ra8 40. Kg2 Kf8 41. Kf3 Ne8 42. e4 Ra7 43. Rd5 Ra8 44. Rd7 Nf6 45. Rb7 Ng8 46. Bc6 {Black must now prevent Bd5.} Rc8 47. Bd5 Ne7 48. Bb3 g6 49. Kf2 Rc5 50. g4 Re5 51. Kf3 g5 52. hxg5 Rxg5 53. Kf4 h6 (53... Rc5 {looks sharper.} 54. g5 a4 55. Bxa4 Ng6+ 56. Kg4 Rc4) 54. Kf3 Rc5 55. Ke3 Re5 56. Kf3 Kg7 57. Ra7 Rc5 58. Kf2 Re5 59. Kf3 Rb5 60. Ba4 Nc6 61. Ra6 Ne5+ 62. Kf4 Rc5 63. Ra7 Ng6+ 64. Ke3 Rc3+ 65. Kd4 Rg3 66. Bd7 Nf8 67. Bf5 Ra3 68. e5 Kg8 69. Kc5 a4 70. Kb4 Re3 71. Ra5 {[#]} a3 $1 {[%mdl 512]} 72. Kc4 {[#]} (72. Rxa3 Rxe5) 72... a2 $1 {[%mdl 512]} 73. Rxa2 Rxe5 74. Kd4 Re1 75. Ra8 Kg7 76. Kd3 Ng6 77. Kd2 Re7 78. Ra6 Nh4 {Threatens to win with ...h5!} 79. Bc8 Rc7 80. Ra8 Re7 81. Ra6 Nf3+ 82. Kd3 Re8 83. Bf5 Ng5 84. Rb6 Re5 85. Bc8 Ne6 86. Rb4 Kf6 87. Rb1 Kg5 88. Rh1 Nf4+ 89. Kd4 Re8 90. Bb7 Re2 91. Bf3 Re6 92. Rh2 f6 93. Rh1 Ne2+ 94. Kd3 Ng3 95. Rh3 ({White should try} 95. Rh2 $1 $15) 95... Kf4 $19 96. Bd1 $2 {[#]} (96. Bg2) 96... Re3+ $2 (96... Re1 $1 $19 97. Bc2 Rh1 98. Rxh1 Nxh1) 97. Kc2 $1 $15 Kg5 98. Rh2 Ra3 {And now ...Ra2+ would win.} 99. Kb2 Rd3 100. Kc2 Re3 101. Rh3 Kg6 102. Rh2 Ra3 103. Kb2 Re3 (103... Ra7 $11) 104. Kc2 Re5 105. Rh3 Ne4 106. Rh2 Rc5+ 107. Kd3 Ng5 108. Kd2 Rd5+ 109. Ke1 Rd4 110. Bc2+ Kg7 111. Bd1 Nf7 112. Be2 Ne5 113. Rg2 Kg6 114. Kf2 $1 Kg5 {[%cal Re5g4]} (114... Re4 {keeps more tension.} 115. Rg1 Kg5 116. Rh1 Rb4 117. Rh5+ Kg6) 115. Rg1 Nxg4+ (115... Re4 {with more complications.} 116. Rh1 Rb4 117. Ke3 Rb3+ 118. Kf2 Ra3) 116. Bxg4 Rxg4 {KR-KR} 117. Ra1 Rb4 118. Kg3 Rb3+ 119. Kg2 f5 {Hoping for ...Kg4.} 120. Ra8 Kg4 {Strongly threatening ...Rb2+.} 121. Rg8+ Kf4 {...h5 is the strong threat.} 122. Rf8 Rb2+ $2 {[%mdl 8192]} (122... Rg3+ $11 123. Kf2 Ra3) 123. Kg1 $2 {[%mdl 8192]} (123. Kh3 $11) 123... h5 $19 124. Rf7 h4 125. Rh7 Kf3 126. Rxh4 Kg3 {Precision: White = 54%, Black = 49%.} 0-1